Large Language Models for Developers : A Prompt-based Exploration /

Gespeichert in:
Bibliographische Detailangaben
1. Verfasser: Campesato, Oswald (Verfasst von)
Format: Buch
Sprache:Englisch
Veröffentlicht: Boston : Mercury Learning and Information, 2024
Tags: Tag hinzufügen
Keine Tags, Fügen Sie das erste Tag hinzu!

MARC

LEADER 00000nam a22000003a 4500
001 0118219
003 SK-STU
005 20251120123913.2
007 ta
008 251120s ----xo-----e------000-0-----d
020 |a 978-1-5015-2356-4 
040 |a STU  |b slo 
041 0 |a eng 
044 |a xxu 
100 1 |a Campesato, Oswald  |4 aut  |r Z6 
245 1 0 |a Large Language Models for Developers :  |b A Prompt-based Exploration /  |c aut. Oswald Campesato 
260 |a Boston :  |b Mercury Learning and Information,  |c 2024 
300 |a 1012 s. 
996 |b 284EK91137  |c E* 91137  |l EE31  |s P  |a 0  |w 0118219_0001